000 01357nam2a22002411i 4500
001 RU\NLR\INFOCOMM6\1000418393
005 20240727092118.0
035 _a(NLR Aleph) 002464266
090 _a2280198
_c2280198
100 _a20040402d1979 |||y0rusy50 ba
101 0 _arus
102 _aRU
105 _ay |||||||||
200 1 _aЭкспериментальное исследование полных сечений ̄Κ⁺ Π¯ - взаимодействий и глобальных характеристик многочастичных эксклюзивных реакций ̄Κ⁺p - взаимодействиях при 8, 2, 16 и 32 ГэВ/с
_eАвтореф. дис. на соиск. учен. степени к. ф.-м. н.
_fО.Г. Чикилев
210 _d1979
461 0 _1001RU\NLR\INFOCOMM6\1000416985
_12001#$a[Издания]$fИн-т физики высоких энергий. ИФВЭ$v1979, 69
_93998336
_aИнститут физики высоких энергий (пос. Протвино, Московская обл.)
_cСерпухов
_d1967-
_fИн-т физики высоких энергий. ИФВЭ
_t[Издания]
_v1979, 69
700 1 _aЧикилев
_bО.Г.
_4070
801 1 _aRU
_bInfoComm
_c20040402
801 0 _aRU
_bNLR
_gPSBO
852 _aNLR
_jП7/1175
942 _cISSUE
980 _aRUSPER